<?xml version="1.0" encoding="UTF-8"?>
<record
    xmlns:xsi="http://www.w3.org/2001/XMLSchema-instance"
    xsi:schemaLocation="http://www.loc.gov/MARC21/slim http://www.loc.gov/standards/marcxml/schema/MARC21slim.xsd"
    xmlns="http://www.loc.gov/MARC21/slim">

  <leader>00499nam a22001217a 4500</leader>
  <datafield tag="999" ind1=" " ind2=" ">
    <subfield code="c">10001</subfield>
    <subfield code="d">10001</subfield>
  </datafield>
  <controlfield tag="003">OSt</controlfield>
  <controlfield tag="008">201218b           ||||| |||| 00| 0 eng d</controlfield>
  <datafield tag="245" ind1=" " ind2=" ">
    <subfield code="a">Karpagam JCS</subfield>
  </datafield>
  <datafield tag="250" ind1=" " ind2=" ">
    <subfield code="a">2014(Jan-Feb Vol.8 No.2, Mar-Apr Vol.8 No.3, May-Jun Vol.8 No.4, Jul-Aug Vol.8 No.5, Sep-Oct Vol.8 No.6, Nov-Dec Vol.9 No.1) 2015(Jan-Feb Vol.9 No.2, Mar-Apr Vol.9 No.3, Sep-Oct Vol.9 No.6, Nov-Dec Vol.10 No.1)</subfield>
  </datafield>
  <datafield tag="260" ind1=" " ind2=" ">
    <subfield code="a">Coimbatore</subfield>
    <subfield code="b">Karpagam Publications</subfield>
  </datafield>
  <datafield tag="650" ind1=" " ind2=" ">
    <subfield code="a">Computer Science Engineering</subfield>
  </datafield>
  <datafield tag="942" ind1=" " ind2=" ">
    <subfield code="2">ddc</subfield>
    <subfield code="c">BV</subfield>
  </datafield>
  <datafield tag="952" ind1=" " ind2=" ">
    <subfield code="0">0</subfield>
    <subfield code="1">0</subfield>
    <subfield code="2">ddc</subfield>
    <subfield code="3">Bound Volume</subfield>
    <subfield code="4">0</subfield>
    <subfield code="7">1</subfield>
    <subfield code="8">BTECHCSE</subfield>
    <subfield code="a">PIET</subfield>
    <subfield code="b">PIET</subfield>
    <subfield code="d">2020-12-18</subfield>
    <subfield code="e">Karpagam Publications</subfield>
    <subfield code="h">2014(Jan-Feb Vol.8 No.2, Mar-Apr Vol.8 No.3, May-Jun Vol.8 No.4, Jul-Aug Vol.8 No.5, Sep-Oct Vol.8 No.6, Nov-Dec Vol.9 No.1) 2015(Jan-Feb Vol.9 No.2, Mar-Apr Vol.9 No.3, Sep-Oct Vol.9 No.6, Nov-Dec Vol.10 No.1)</subfield>
    <subfield code="l">0</subfield>
    <subfield code="p">BV739</subfield>
    <subfield code="r">2020-12-18 00:00:00</subfield>
    <subfield code="w">2014-01-09</subfield>
    <subfield code="y">BV</subfield>
  </datafield>
</record>
